Vplyvy internetu na distribučné kanály v cestovnom ruchu
Tvorba nových modelov distribučných kanálov v cestovnom ruchu. Tradičný model distribúcie. Nový systém distribúcie. Zmeny tradičných metód distribúcie využívaním internetu a nových informačných technológií.
Guardado en:
| Autor principal: | |
|---|---|
| Formato: | Capítulo de libro |
| Lenguaje: | eslovaco |
| Materias: | |
| Etiquetas: |
Sin Etiquetas, Sea el primero en etiquetar este registro!
|
MARC
| LEADER | 00000naa a2200000 4500 | ||
|---|---|---|---|
| 001 | r045295 | ||
| 005 | 20230724111243.1 | ||
| 041 | 0 | |a slo | |
| 044 | |a SK | ||
| 245 | 1 | 0 | |a Vplyvy internetu na distribučné kanály v cestovnom ruchu |c Ivan Jaďuď |
| 520 | |a Tvorba nových modelov distribučných kanálov v cestovnom ruchu. Tradičný model distribúcie. Nový systém distribúcie. Zmeny tradičných metód distribúcie využívaním internetu a nových informačných technológií. | ||
| 610 | 2 | 0 | |a ruch cestovný |
| 610 | 2 | 0 | |a kanály distribučné |
| 610 | 2 | 0 | |a služby |
| 610 | 2 | 0 | |a internet |
| 610 | 2 | 0 | |a technológie informačné |
| 610 | 2 | 0 | |a sprostredkovatelia |
| 610 | 2 | 0 | |a dodávatelia |
| 610 | 2 | 0 | |a modely distribučné |
| 100 | 1 | |a Jaďuď, Ivan | |